| 000 | 01460nam a2200337Ia 4500 | ||
|---|---|---|---|
| 001 | CRC0KE10180PDF | ||
| 003 | BD-DhSAU | ||
| 005 | 20151012144300.0 | ||
| 006 | m|||||o||d|||||||| | ||
| 007 | cr|||| | ||
| 008 | 101014s2010 fluadf sb 001 0 eng d | ||
| 020 | _a9781439803578 (ebook : PDF) | ||
| 040 |
_aBD-DhSAU _cBD-DhSAU |
||
| 090 |
_aQD169.W3 _bW33 2010 |
||
| 092 |
_a546.22 _bW324 |
||
| 245 | 0 | 0 |
_aWater and life _h[electronic resource] : _bthe unique properties of H[subscript 2]O / _cedited by Ruth M. Lynden-Bell ... [et al.]. |
| 260 |
_aBoca Raton : _bCRC Press, _c2010. |
||
| 300 |
_axviii, 370, [8] p. of plates : _bill. |
||
| 504 | _aIncludes bibliographical references and index. | ||
| 505 | 0 | _apt. 1. This strange substance called 'water' -- pt. 2. The specific properties of water : how and why water is eccentric -- pt. 3. Water in biochemistry -- pt. 4. Water, the solar system, and the origin of life -- pt. 5. Water : the human dimension. | |
| 530 | _aAlso available in print edition. | ||
| 538 | _aMode of access: World Wide Web. | ||
| 650 | 0 |
_aWater _xComposition. |
|
| 650 | 0 | _aBiomolecules. | |
| 650 | 0 | _aLife (Biology) | |
| 650 | 0 | _aWater chemistry. | |
| 655 | 7 |
_aElectronic books. _2lcsh |
|
| 700 | 1 | _aLynden-Bell, Ruth Marion. | |
| 776 | 1 | _z9781439803561 | |
| 856 | 4 | 0 |
_uhttp://marc.crcnetbase.com/isbn/9781439803578 _qapplication/PDF |
| 999 |
_c11141 _d11140 |
||